000 00599nam a2200181Ia 4500
008 151018s9999 xx 000 0 und d
082 _bRBASDV63450
_a891.463
100 _aसाईनाथ पाचारणे
245 _aकथा भारती
250 _b1
260 _b"निखील प्रकाशन, कोल्हापूर"
_c2014
300 _a144
600 _aसाईनाथ पाचारणे
630 _aकथा भारती
700 _aसाईनाथ पाचारणे
730 _aकथा भारती
942 _cBOOK
999 _c1055792
_d1055789